00696nam a2200193Ia 4500003000900000008004100009020001800050040001600068080002300084100002800107245009600135260003900231300001600270650002000286650003400306942000700340999001700347952013800364IN-BaIIA211028s9999 xx 000 0 eng d a81-7167-669-3 cIIA Library a92:5.007(038)bCHA aChattopadhyay, A925812 0aBiographical dictionary of Indian scientistsbfrom acient to contemporarycA. Chattopadhyay aNew DelhibRupa Publicationsc2002 axii, 1597p. aBiography91224 aDictionary- Scientists925813 cBK c14531d14531 00104070aBANbBANcGENd2002-03-07eEDS g358.00l0o92:5.007(038)/ CHAp15453r2021-11-05v358.00w2002-03-07yBKGRs. 358.00